000
00272nam a22001097a 4500
082
_a
030 CHA'I
100
_a
INTERNATIONAL
_9
10242
245
_a
CHAMBER'S ENCYCLOPEDIA VOLUME - IX MALAYE - NEWYORK
260
_a
LONDON
_b
INTERNATIONAL
_c
1973
300
_a
840P
942
_c
BK
999
_c
583290
_d
583290